00882nam a22002177a 450000500170000000800410001702000180005804100080007604400070008408200190009111000480011024500500015826001040020830000560031250000270036850400500039565000600044565000530050565000580055865100480061620140721151935.0140409s2010 ck abo gr 000 0 spa d a9789589826829 aspa ack04a918.6144bC82a2 aCorporación Autónoma Regional de Chivor10aAtlas geográfico & ambiental de Corpochivor aTunja bCorpochivorbFondo Mixto para la Promoción de la Cultura y las Artes de Boyacá, c2010. a195 p.bil., mapas, fot. (col)c42 cm. +e1 CD-Rom. aGlosario : p. 184-189. aIncluye referencias bibliográficas (p. 190) 4aRecursos naturalesz Boyacá (Dpto. Colombia)v Atlas. 4aGeografíaz Boyacá (Dpto. Colombia)v Atlas. 4aUso de la tierraz Boyacá (Dpto. Colombia)v Atlas. 4aColombiax Descripciónv Atlas.zBoyacá